Private rented sector code of practice (Record no. 115514)

MARC details
000 -LEADER
fixed length control field 01382cad a22003015a 4500
001 - CONTROL NUMBER
control field L158803
008 - FIXED-LENGTH DATA ELEMENTS--GENERAL INFORMATION
fixed length control field 141006s2015 xxk f 000 0 eng d
020 ## - INTERNATIONAL STANDARD BOOK NUMBER
International Standard Book Number 9781783210633
035 ## - SYSTEM CONTROL NUMBER
System control number (Sirsi) u158803
041 0# - LANGUAGE CODE
Language code of text/sound track or separate title eng
100 1# - MAIN ENTRY--PERSONAL NAME
Personal name Hirst, Christina
110 2# - MAIN ENTRY--CORPORATE NAME
Corporate name or jurisdiction name as entry element Royal Institution of Chartered Surveyors
9 (RLIN) 4900
245 00 - TITLE STATEMENT
Title Private rented sector code of practice
Remainder of title Updated July 2015
Medium [electronic resource]
260 ## - PUBLICATION, DISTRIBUTION, ETC.
Place of publication, distribution, etc. London
Name of publisher, distributor, etc. RICS
Date of publication, distribution, etc. 2015
520 ## - SUMMARY, ETC.
Summary, etc. Minor revisions were made to the code in July 2015 to reflect recent changes in legislation.
520 ## - SUMMARY, ETC.
Summary, etc. Sets out best practice in the letting and management of private rented sector (PRS) housing in England. The aim of the Code is to ensure that there are good-quality homes for rent, consistent high standards of management and greater choice and for consumers. Intended for use by landlords and letting and managing agents in the private rented sector.
590 ## - LOCAL NOTE (RLIN)
Local note KA
650 24 - SUBJECT ADDED ENTRY--TOPICAL TERM
Topical term or geographic name entry element PRS
650 24 - SUBJECT ADDED ENTRY--TOPICAL TERM
Topical term or geographic name entry element PRIVATE RENTED SECTOR
650 24 - SUBJECT ADDED ENTRY--TOPICAL TERM
Topical term or geographic name entry element IMMIGRATION ACT 2014
651 #4 - SUBJECT ADDED ENTRY--GEOGRAPHIC NAME
Geographic name England
690 ## - LOCAL SUBJECT ADDED ENTRY--TOPICAL TERM (OCLC, RLIN)
Topical term or geographic name as entry element Residential property
9 (RLIN) 6266
690 ## - LOCAL SUBJECT ADDED ENTRY--TOPICAL TERM (OCLC, RLIN)
Topical term or geographic name as entry element Landlord and tenant
9 (RLIN) 6252
690 ## - LOCAL SUBJECT ADDED ENTRY--TOPICAL TERM (OCLC, RLIN)
Topical term or geographic name as entry element Lease/Letting
690 ## - LOCAL SUBJECT ADDED ENTRY--TOPICAL TERM (OCLC, RLIN)
Topical term or geographic name as entry element Property management
9 (RLIN) 6262
856 40 - ELECTRONIC LOCATION AND ACCESS
Uniform Resource Identifier <a href="https://www.rics.org/Global/Private_Rented_Sector_code_PGguidance_amended_July_2015.pdf">https://www.rics.org/Global/Private_Rented_Sector_code_PGguidance_amended_July_2015.pdf</a>
Public note View the item free of charge from www.rics.org
942 ## - ADDED ENTRY ELEMENTS (KOHA)
Suppress in OPAC 0
Holdings
Withdrawn status Lost status Source of classification or shelving scheme Damaged status Not for loan Home library Current library Shelving location Date acquired Total Checkouts Full call number Barcode Date last seen Copy number Price effective from Koha item type
    Dewey Decimal Classification     Virtual Virtual Online 24/07/2015   ONLINE PUBLICATION 158803-2001 06/08/2019 1 06/08/2019 Book